Stroje a zařízení 2 Motory

Bibliographic Details
Main Author: Jech, Karel (Author)
Format: Book
Language:Undetermined
PhysicalDescription:80 s.
Published: Praha Státní pedagogické nakladatelství 1961

MARC

LEADER 00000nam a2200000 a 4500
001 vtls001357461
003 SK-MaSNL
005 20260416165156.0
008 240314s1961 xx 0 und
035 |a SNK000310958 
040 |a SNK  |b slo  |c SNK  |e AACR2 
100 1 |a Jech, Karel  |4 aut  |9 399227 
245 1 0 |a Stroje a zařízení 2 Motory 
260 |a Praha  |b Státní pedagogické nakladatelství  |c 1961 
300 |a 80 s. 
999 |c 892901  |d 894831 
952 |t P60, <04>, [BOOK], {604}  |a SNK  |b SNK  |y VYP  |7 0  |p 17A0184516  |o snkID 29629  |0 0  |1 0  |4 0  |d 1999-03-10  |l 0  |r 2005-01-02 00:00:00  |w 2026-02-24